[Event "SVM_Regionalliga_2024-25"]
[Site "?"]
[Date "2024.09.01"]
[Round "1.6"]
[Board "1"]
[White "Meyer,Emil"]
[Black "Reinöhl,Christian"]
[WhiteTeam "Klub Kölner SF 3"]
[BlackTeam "SK Troisdorf"]
[WhiteElo "1970"]
[BlackElo "2140"]
[WhiteDWZ "1999"]
[BlackDWZ "2101"]
[Result "1-0"]
[PlyCount "53"]
[EventDate "2024.09.01"]
[SourceDate "2024.09.01"]
 
1. e4 e5 2. Nf3 Nc6 3. d4 exd4 4. Nxd4 Nf6 5. Nxc6 bxc6 6. e5 Qe7 7. Qe2 Nd5 8. c4 Ba6 9. b3 g6 10. f4 Bg7 11. Qf2 Nf6 12. Be2 Ne4 13. Qe3 f5 14. Ba3 Qe6 15. Nc3 Nxc3 16. Qxc3 Bb7 17. Qa5 O-O-O 18. O-O d6 19. c5 Kb8 20. cxd6 cxd6 21. Rad1 d5 22. Bc5 Rde8 23. Qxa7+ Kc8 24. Bd6 Qxd6 25. exd6 Rxe2 26. Qb6 Kb8 27. Qc7+ 1-0

[Event "SVM_Regionalliga_2024-25"]
[Site "?"]
[Date "2024.09.01"]
[Round "1.6"]
[Board "2"]
[White "Schwarz,Andreas"]
[Black "Karimi,Farhad"]
[WhiteTeam "SK Troisdorf"]
[BlackTeam "Klub Kölner SF 3"]
[WhiteElo "2125"]
[BlackElo "2031"]
[WhiteDWZ "2121"]
[BlackDWZ "2037"]
[Result "0-1"]
[PlyCount "76"]
[EventDate "2024.09.01"]
[SourceDate "2024.09.01"]
 
1. e4 c5 2. Nf3 Nc6 3. d4 cxd4 4. Nxd4 e5 5. Nb5 d6 6. c4 Be7 7. N1c3 a6 8. Na3 f5 9. Bd3 f4 10. Nd5 Nf6 11. Bd2 O-O 12. Nc2 Kh8 13. Qe2 Bg4 14. f3 Bh5 15. O-O-O b5 16. g4 Bg6 17. Nxe7 Qxe7 18. Bc3 Rfc8 19. Kb1 Bf7 20. b3 bxc4 21. Bxc4 Bxc4 22. bxc4 Qe6 23. Qd3 a5 24. Na3 Rab8+ 25. Ka1 Nb4 26. Qd2 Rc6 27. Rb1 Rcb6 28. Rhd1 h6 29. h4 Ne8 30. Rb3 Nc7 31. Bxb4 axb4 32. Nb5 Nxb5 33. cxb5 Rxb5 34. Qxd6 Qc8 35. Rbd3 Qc2 36. Qg6 Rg8 37. Qa6 b3 38. axb3 Rbb8 0-1

[Event "SVM_Regionalliga_2024-25"]
[Site "?"]
[Date "2024.09.01"]
[Round "1.6"]
[Board "6"]
[White "Sejdini,Valentin"]
[Black "Pragua,Christoph"]
[WhiteTeam "SK Troisdorf"]
[BlackTeam "Klub Kölner SF 3"]
[WhiteElo "1931"]
[BlackElo "2031"]
[WhiteDWZ "1794"]
[BlackDWZ "1909"]
[Result "0-1"]
[PlyCount "64"]
[EventDate "2024.09.01"]
[SourceDate "2024.09.01"]
 
1. e4 e5 2. Nf3 Nc6 3. d4 exd4 4. Nxd4 Bc5 5. Nb3 Bb6 6. Qe2 Qf6 7. Nc3 Nge7 8. Be3 d6 9. O-O-O Be6 10. Nd5 Bxd5 11. exd5 Ne5 12. Kb1 O-O-O 13. h4 Bxe3 14. Qxe3 Kb8 15. f4 Ng4 16. Qg3 h5 17. Na5 Nc8 18. Be2 Qf5 19. Nxb7 Kxb7 20. Qa3 Nb6 21. Ba6+ Kb8 22. Qc3 c5 23. dxc6 Kc7 24. Rhe1 Rhe8 25. Rxe8 Rxe8 26. a4 Ne3 27. Rd3 Ned5 28. Qb3 Qe4 29. a5 Qe1+ 30. Ka2 Qxa5+ 31. Qa3 Nb4+ 32. Kb3 Qxa3+ 0-1

[Event "SVM_Regionalliga_2024-25"]
[Site "?"]
[Date "2024.09.01"]
[Round "1.6"]
[Board "8"]
[White "Möws,Thomas"]
[Black "Ringeltaube,Denny"]
[WhiteTeam "SK Troisdorf"]
[BlackTeam "Klub Kölner SF 3"]
[WhiteElo "1860"]
[BlackElo "1802"]
[WhiteDWZ "1717"]
[BlackDWZ "1721"]
[Result "1-0"]
[PlyCount "79"]
[EventDate "2024.09.01"]
[SourceDate "2024.09.01"]
 
1. d4 Nf6 2. Nc3 d5 3. Bf4 c6 4. Nf3 Bf5 5. e3 e6 6. Bd3 Bg6 7. Ne5 Nbd7 8. O-O Nxe5 9. dxe5 Nh5 10. Qg4 Nxf4 11. exf4 Bxd3 12. cxd3 h5 13. Qf3 g6 14. a3 h4 15. b4 h3 16. g4 Qh4 17. Kh1 O-O-O 18. Rg1 Be7 19. Rac1 Kb8 20. Na4 f6 21. Qg3 Qh7 22. exf6 Bxf6 23. f5+ Ka8 24. g5 Bd4 25. f6 e5 26. Nc5 Rde8 27. Rc2 Qf7 28. Qg4 Bxc5 29. Rxc5 e4 30. b5 cxb5 31. dxe4 dxe4 32. Rgc1 Qf8 33. Qd7 Rb8 34. Qe7 Qg8 35. f7 Qg7 36. Re5 a6 37. Qf6 Qf8 38. Re7 Rh7 39. Re1 Qd8 40. f8=Q 1-0

[Event "SVM_Regionalliga_2024-25"]
[Site "?"]
[Date "2024.09.22"]
[Round "2.2"]
[Board "1"]
[White "Reinöhl,Christian"]
[Black "Krings,Thomas"]
[WhiteTeam "SK Troisdorf"]
[BlackTeam "SV Horrem 1"]
[WhiteElo "2140"]
[BlackElo "1766"]
[WhiteDWZ "2101"]
[BlackDWZ "2045"]
[Result "1/2-1/2"]
[PlyCount "88"]
[EventDate "2024.09.22"]
[SourceDate "2024.09.22"]
 
1. e4 e5 2. Nf3 Nc6 3. Bb5 a6 4. Ba4 Nf6 5. O-O Be7 6. Re1 b5 7. Bb3 d6 8. c3 O-O 9. d4 Bg4 10. d5 Na5 11. Bc2 c5 12. b3 Nb7 13. h3 Bxf3 14. Qxf3 c4 15. Nd2 cxb3 16. axb3 Qc7 17. Nf1 b4 18. c4 Nc5 19. Ne3 g6 20. Ng4 Nxg4 21. hxg4 a5 22. Qh3 Rfb8 23. f4 a4 24. Bb2 axb3 25. Rxa8 Rxa8 26. Bxb3 f6 27. g5 fxg5 28. fxe5 dxe5 29. Qg3 Bf6 30. Qe3 Kg7 31. Rf1 Ra6 32. Bc2 Ra2 33. Qc1 Qa7 34. Kh1 b3 35. Bb1 Ra4 36. Rxf6 Kxf6 37. Qf1+ Ke7 38. Bxe5 Nd7 39. Bc3 Qe3 40. Bb2 Qf4 41. Qd1 Qg3 42. Qd4 Qh4+ 43. Kg1 Qe1+ 44. Kh2 Qh4+ 1/2-1/2

[Event "SVM_Regionalliga_2024-25"]
[Site "?"]
[Date "2024.09.22"]
[Round "2.2"]
[Board "2"]
[White "Bien,Stefan"]
[Black "Schwarz,Andreas"]
[WhiteTeam "SV Horrem 1"]
[BlackTeam "SK Troisdorf"]
[WhiteElo "1970"]
[BlackElo "2125"]
[WhiteDWZ "2014"]
[BlackDWZ "2121"]
[Result "1/2-1/2"]
[PlyCount "29"]
[EventDate "2024.09.22"]
[SourceDate "2024.09.22"]
 
1. c4 Nf6 2. g3 d5 3. cxd5 Nxd5 4. Bg2 Nb6 5. Nc3 g6 6. b3 Bg7 7. Bb2 O-O 8. f4 Nc6 9. Nf3 e5 10. fxe5 Nxe5 11. Nxe5 Bxe5 12. O-O c6 13. Qc2 f5 14. e3 Be6 15. Rad1 1/2-1/2

[Event "SVM_Regionalliga_2024-25"]
[Site "?"]
[Date "2024.09.22"]
[Round "2.2"]
[Board "3"]
[White "Fuß,Jean-Pierre"]
[Black "Hess,Christian"]
[WhiteTeam "SK Troisdorf"]
[BlackTeam "SV Horrem 1"]
[WhiteElo "1957"]
[BlackElo "2135"]
[WhiteDWZ "2020"]
[BlackDWZ "1983"]
[Result "0-1"]
[PlyCount "68"]
[EventDate "2024.09.22"]
[SourceDate "2024.09.22"]
 
1. d4 d5 2. Nf3 c5 3. e3 Nc6 4. c4 e6 5. Nc3 Nf6 6. a3 cxd4 7. exd4 dxc4 8. Bxc4 Be7 9. O-O O-O 10. Qd3 h6 11. Rd1 Qa5 12. b4 Nxb4 13. axb4 Qxa1 14. Nb5 Qa4 15. Rd2 a6 16. Ra2 axb5 17. Rxa4 bxa4 18. Ba3 Rd8 19. h3 Nd5 20. Ne5 Bf6 21. Qf3 Nb6 22. Bd3 Rxd4 23. Ng4 Bg5 24. g3 Nd5 25. h4 Bd2 26. Ne5 Nf6 27. g4 Rf4 28. Qe2 Bc3 29. f3 Nd5 30. Bc1 Rxb4 31. Bc2 Bd4+ 32. Kh1 Bxe5 33. Qxe5 a3 34. Qd6 Bd7 0-1

[Event "SVM_Regionalliga_2024-25"]
[Site "?"]
[Date "2024.09.22"]
[Round "2.2"]
[Board "6"]
[White "Voigt,Ingrid"]
[Black "Sejdini,Valentin"]
[WhiteTeam "SV Horrem 1"]
[BlackTeam "SK Troisdorf"]
[WhiteElo "1975"]
[BlackElo "1931"]
[WhiteDWZ "1926"]
[BlackDWZ "1794"]
[Result "1/2-1/2"]
[PlyCount "89"]
[EventDate "2024.09.22"]
[SourceDate "2024.09.22"]
 
1. e4 e5 2. Nf3 Nc6 3. d4 exd4 4. Nxd4 Bc5 5. Be3 Qf6 6. c3 Nge7 7. g3 d5 8. Bg2 dxe4 9. Nd2 Bxd4 10. cxd4 O-O 11. Nxe4 Qf5 12. O-O Be6 13. Re1 Bd5 14. g4 Qg6 15. Nc5 Bxg2 16. Kxg2 Nd5 17. Qf3 Rad8 18. Rac1 Ncb4 19. Nxb7 Nxe3+ 20. fxe3 Nd3 21. Nxd8 Nxe1+ 22. Rxe1 Rxd8 23. Rc1 Qb6 24. Rc2 h6 25. Qc6 Qa5 26. Qxc7 Qd5+ 27. Kg3 Re8 28. Qf4 Qxa2 29. Re2 Re6 30. e4 Qb3+ 31. Qf3 Qd1 32. Rf2 Qg1+ 33. Qg2 Qxg2+ 34. Rxg2 Rxe4 35. Rd2 Kf8 36. Kf3 Re1 37. Rc2 Ke8 38. Rc7 a5 39. Ra7 Rb1 40. Rxa5 Rxb2 41. h4 Rb7 42. Ke4 Ke7 43. Ra6 Kd7 44. h5 Rb5 45. Ra7+ {(=)} 1/2-1/2

[Event "SVM_Regionalliga_2024-25"]
[Site "?"]
[Date "2024.09.22"]
[Round "2.2"]
[Board "7"]
[White "Hallen,Maxime"]
[Black "Olschewski,Martin"]
[WhiteTeam "SK Troisdorf"]
[BlackTeam "SV Horrem 1"]
[WhiteElo "1748"]
[BlackElo "1791"]
[WhiteDWZ "1748"]
[BlackDWZ "1694"]
[Result "1/2-1/2"]
[PlyCount "91"]
[EventDate "2024.09.22"]
[SourceDate "2024.09.22"]
 
1. e4 e5 2. Nc3 Nf6 3. f4 d5 4. fxe5 Nxe4 5. Qf3 Nc6 6. Bb5 Nxc3 7. dxc3 Qh4+ 8. g3 Qe4+ 9. Qxe4 dxe4 10. Ne2 Bd7 11. Bxc6 Bxc6 12. Rf1 Be7 13. Nd4 Bd7 14. Nf5 Bxf5 15. Rxf5 O-O 16. Rf4 Rfe8 17. Rxe4 Bf6 18. Bf4 g5 19. Be3 Bxe5 20. Kf1 f5 21. Ra4 Bxg3 22. Bxg5 Bxh2 23. Bf4 Bxf4 24. Rxf4 Rf8 25. Rd1 Rad8 26. Rxd8 Rxd8 27. Rxf5 Rd2 28. Rg5+ Kf7 29. Rg3 Rxc2 30. Rh3 Kg6 31. Rg3+ Kf6 32. Rh3 Rxb2 33. Rxh7 Rxa2 34. Rxc7 b6 35. c4 Ra5 36. Ke2 Ke5 37. Kd3 Ra3+ 38. Kc2 Kd4 39. Kb2 Ra5 40. Kb3 Ra1 41. Kb2 Ra5 42. Kb3 Ke5 43. Rh7 Kd6 44. Rh6+ Kc7 45. Rh7+ Kb8 46. Rh8+ {(=)} 1/2-1/2

[Event "SVM_Regionalliga_2024-25"]
[Site "?"]
[Date "2024.09.22"]
[Round "2.3"]
[Board "1"]
[White "König,Christian"]
[Black "Esser,Michael"]
[WhiteTeam "SF Lohmar 1"]
[BlackTeam "Bayer Leverkusen 1"]
[WhiteElo "2036"]
[BlackElo "2019"]
[WhiteDWZ "2033"]
[BlackDWZ "2001"]
[Result "1-0"]
[PlyCount "81"]
[EventDate "2024.09.22"]
[SourceDate "2024.09.22"]
 
1. e4 Nf6 2. e5 Nd5 3. d4 d6 4. c4 Nb6 5. exd6 cxd6 6. Nc3 g6 7. Be3 Bg7 8. Rc1 O-O 9. b3 h6 10. Qd2 Kh7 11. Bd3 e5 12. Nge2 Nc6 13. d5 Ne7 14. O-O Bf5 15. f3 Bxd3 16. Qxd3 Nd7 17. Ne4 Nf5 18. Bf2 Nf6 19. Rfd1 b6 20. b4 Ne7 21. N2c3 Nxe4 22. fxe4 Rc8 23. Nb5 f5 24. Nxa7 fxe4 25. Qe3 Rb8 26. Nc6 Nxc6 27. dxc6 b5 28. Qxe4 Rf4 29. Qd5 bxc4 30. Qxd6 Qc8 31. Qd7 Qf8 32. Bc5 Qg8 33. c7 Rc8 34. Bd6 c3 35. b5 Rf7 36. Qc6 Rf6 37. b6 Qxa2 38. b7 Qf2+ 39. Kh1 c2 40. Qxc2 Qxc2 41. Rxc2 1-0

[Event "SVM_Regionalliga_2024-25"]
[Site "?"]
[Date "2024.09.22"]
[Round "2.3"]
[Board "3"]
[White "Akstinat,Sven-Holger"]
[Black "Philipp,Stephan"]
[WhiteTeam "SF Lohmar 1"]
[BlackTeam "Bayer Leverkusen 1"]
[WhiteElo "1980"]
[BlackElo "2169"]
[WhiteDWZ "1939"]
[BlackDWZ "1896"]
[Result "1-0"]
[PlyCount "101"]
[EventDate "2024.09.22"]
[SourceDate "2024.09.22"]
 
1. e4 c5 2. b3 g6 3. Bb2 Nf6 4. e5 Nd5 5. c4 Nc7 6. Nf3 Nc6 7. Be2 Bg7 8. O-O Ne6 9. Re1 d6 10. Bf1 dxe5 11. Na3 Ned4 12. Ng5 f5 13. Nb5 h6 14. Nh3 O-O 15. Kh1 g5 16. Ng1 Nb4 17. Nxd4 exd4 18. a3 Nc6 19. g3 e5 20. d3 b6 21. Bg2 Bb7 22. f4 {(=)} exf4 23. gxf4 g4 24. Ne2 Qd7 25. Ng3 Rae8 26. Qc2 Nd8 27. Qf2 Kh7 28. Kg1 Kg6 29. Rad1 h5 30. Rd2 Rxe1+ 31. Qxe1 Re8 32. Re2 Rxe2 33. Qxe2 h4 34. Nf1 Bxg2 35. Kxg2 Qe6 36. Qf2 Kh5 37. Bc1 Bh6 38. Bd2 Nf7 39. Kg1 Nh8 40. h3 Qg6 41. Qe2 Bf8 42. Nh2 Bd6 43. Kh1 Nf7 44. b4 Nd8 45. b5 Ne6 46. Qf2 Bc7 47. hxg4+ fxg4 48. f5 Qf6 49. Nxg4 Kxg4 50. Qe2+ Kxf5 51. Qe4# 1-0

[Event "SVM_Regionalliga_2024-25"]
[Site "?"]
[Date "2024.09.22"]
[Round "2.3"]
[Board "4"]
[White "Mazaheri Tehrani,Mehrdad"]
[Black "Weiler,Wolfgang"]
[WhiteTeam "Bayer Leverkusen 1"]
[BlackTeam "SF Lohmar 1"]
[WhiteElo "1921"]
[BlackElo "1929"]
[WhiteDWZ "1861"]
[BlackDWZ "1890"]
[Result "0-1"]
[PlyCount "107"]
[EventDate "2024.09.22"]
[SourceDate "2024.09.22"]
 
1. e4 e5 2. Nf3 Nf6 3. Nc3 Nc6 4. Bc4 Nxe4 5. Nxe4 d5 6. Bxd5 Qxd5 7. Nc3 Qe6 8. O-O Be7 9. d4 Nxd4 10. Nxd4 exd4 11. Qxd4 Bf6 12. Qc5 b6 13. Qd5 c6 14. Qf3 O-O 15. Bd2 Bb7 16. Rad1 Rad8 17. Rfe1 Qc8 18. Qg3 Rfe8 19. h4 Rxd2 20. Rxe8+ Qxe8 21. Rxd2 Qe1+ 22. Kh2 Qxd2 23. Qb8+ Bd8 24. Qxb7 Qxf2 25. Qxc6 Qxh4+ 26. Kg1 Qe1+ 27. Kh2 Qe5+ 28. Kg1 h5 29. Qa8 Qd4+ 30. Kf1 Kh7 31. Qxa7 Qf4+ 32. Ke2 Qc4+ 33. Kf3 Qg4+ 34. Kf2 Bh4+ 35. Kg1 Qd4+ 36. Kh1 Qf2 37. Qd7 Bg3 38. Qd1 h4 39. Ne2 g6 40. Ng1 Qf6 41. c3 g5 42. Qf3 Qg6 43. a4 g4 44. Qd5 Bf2 45. Qd2 g3 46. Qd1 Bxg1 47. Kxg1 Qf5 48. Qf3 Qb1+ 49. Qf1 Qg6 50. b4 Qe6 51. Qc1 Qe2 52. a5 bxa5 53. bxa5 h3 54. Qb1+ 0-1

[Event "SVM_Regionalliga_2024-25"]
[Site "?"]
[Date "2024.09.22"]
[Round "2.3"]
[Board "5"]
[White "Weber,Olaf"]
[Black "Lessing,Sebastian"]
[WhiteTeam "SF Lohmar 1"]
[BlackTeam "Bayer Leverkusen 1"]
[WhiteElo "2027"]
[BlackElo "1872"]
[WhiteDWZ "1866"]
[BlackDWZ "1841"]
[Result "0-1"]
[PlyCount "68"]
[EventDate "2024.09.22"]
[SourceDate "2024.09.22"]
 
1. Nf3 d5 2. c4 c6 3. g3 Nf6 4. Bg2 e6 5. b3 Bd6 6. Bb2 Nbd7 7. d4 Ne4 8. O-O O-O 9. Nc3 f5 10. e3 Ndf6 11. Nd2 Bd7 12. Ndxe4 fxe4 13. f3 exf3 14. Bxf3 Qc7 15. Qe1 dxc4 16. bxc4 e5 17. c5 Be7 18. Qd2 Rad8 19. Qe2 Rfe8 20. Qc4+ Kh8 21. Rae1 Bh3 22. Bg2 Bxg2 23. Kxg2 Qd7 24. dxe5 Ng4 25. e6 Qd2+ 26. Kh3 Qxh2+ 27. Kxg4 h5+ 28. Kf3 Rf8+ 29. Ke4 Qg2+ 30. Ke5 Qxg3+ 31. Rf4 Bf6+ 32. Ke4 Qg2+ 33. Rf3 Bxc3 34. Ref1 Qc2+ 0-1

[Event "SVM_Regionalliga_2024-25"]
[Site "?"]
[Date "2024.09.22"]
[Round "2.4"]
[Board "1"]
[White "Borriss,Martin"]
[Black "Kocur,Alois"]
[WhiteTeam "SG Siebengebirge 1"]
[BlackTeam "SV Springer Hitdorf 1"]
[WhiteElo "2427"]
[BlackElo "2243"]
[WhiteDWZ "2403"]
[BlackDWZ "2180"]
[Result "1-0"]
[PlyCount "120"]
[EventDate "2024.09.22"]
[SourceDate "2024.09.22"]
 
1. e4 e5 2. Nf3 Nc6 3. Bc4 Nf6 4. Ng5 d5 5. exd5 Na5 6. Bb5+ c6 7. dxc6 bxc6 8.
Bd3 Nd5 9. Nf3 Nf4 10. Bf1 e4 11. d3 exf3 12. Bxf4 Qf6 {(=)} 13. Qc1 Bc5 14.
Nc3 O-O 15. Ne4 Qe7 16. Be3 Bxe3 17. Qxe3 Qb4+ 18. Qd2 Qxb2 19. Qc3 Qxc3+ 20.
Nxc3 Bg4 21. Rb1 Rfe8+ 22. Kd2 Rad8 23. Rb4 Be6 24. gxf3 Nc4+ 25. Kc1 Nb6 26.
Bg2 c5 27. Re4 c4 28. d4 f5 29. Re5 Rxd4 30. Rhe1 Kf7 31. Nb5 Rd7 32. c3 Nd5
33. Bf1 Nf4 34. Nd4 Kf6 35. Bxc4 Rxd4 36. cxd4 Rc8 37. Rxe6+ Nxe6 38. Rxe6+ Kg5
39. Kd2 Rxc4 40. Kd3 Ra4 41. d5 Rxa2 42. d6 Ra1 43. Kc4 Rd1 44. Kc5 Kf4 45. Re3
Rd2 46. Kc6 Rc2+ 47. Kd5 Rxf2 48. Rd3 Rb2 49. d7 Rb8 50. Ke6 Rd8 51. Ke7 Rb8
52. d8=Q Rxd8 53. Kxd8 g5 54. Ke7 h5 55. Kf6 g4 56. fxg4 fxg4 57. Rd4+ Ke3 58.
Ra4 Kf2 59. Kg5 Kg2 60. Kxh5 Kh3 1-0

[Event "SVM_Regionalliga_2024-25"]
[Site "?"]
[Date "2024.09.22"]
[Round "2.4"]
[Board "3"]
[White "Borriss,Benjamin"]
[Black "Schmitz,Andreas Arnold"]
[WhiteTeam "SG Siebengebirge 1"]
[BlackTeam "SV Springer Hitdorf 1"]
[WhiteElo "1814"]
[BlackElo "1967"]
[WhiteDWZ "1958"]
[BlackDWZ "2007"]
[Result "0-1"]
[PlyCount "108"]
[EventDate "2024.09.22"]
[SourceDate "2024.09.22"]
 
1. d4 d5 2. Nf3 Nf6 3. c4 dxc4 4. e3 Bg4 5. Bxc4 e6 6. Nc3 a6 7. O-O c5 8. h3
Bh5 9. Be2 Nc6 10. a3 cxd4 11. exd4 Be7 12. Be3 O-O 13. Rc1 Rc8 14. g4 Bg6 15.
Ne5 Nd5 16. Nxd5 Qxd5 17. Nxg6 hxg6 18. Bf3 Qb5 19. Qe2 Qxe2 20. Bxe2 Bf6 21.
Rfd1 Nxd4 22. Bxd4 Rxc1 23. Rxc1 Bxd4 24. b4 Bb2 25. Rc7 b5 26. a4 bxa4 27.
Bxa6 Rb8 28. Bc4 Rxb4 29. Rc8+ Kh7 30. Rc7 a3 31. Ba2 Bd4 32. Rc2 Rb2 33. Rxb2
axb2 34. Kg2 g5 35. Kf3 Kg6 36. Kg3 Be5+ 37. Kf3 f5 38. Ke3 Kf6 39. Bb1 Bf4+
40. Kd4 Bc1 41. Bc2 g6 42. f3 Ke7 43. Bb1 Kd6 44. Bc2 Bf4 45. Bb1 Be5+ 46. Kc4
Bf6 47. Kd3 Ke5 48. Ke3 Be7 49. Bc2 Bc5+ 50. Kd3 Kf4 51. Kc3 Kxf3 52. Kxb2 Kg3
53. Kc3 Kxh3 54. Bb3 e5 0-1

[Event "SVM_Regionalliga_2024-25"]
[Site "?"]
[Date "2024.09.22"]
[Round "2.4"]
[Board "5"]
[White "Borriss,Claudia"]
[Black "Pyrowicz,Jacek"]
[WhiteTeam "SG Siebengebirge 1"]
[BlackTeam "SV Springer Hitdorf 1"]
[WhiteElo "2117"]
[BlackElo "1929"]
[WhiteDWZ "1985"]
[BlackDWZ "1852"]
[Result "1-0"]
[PlyCount "67"]
[EventDate "2024.09.22"]
[SourceDate "2024.09.22"]
 
1. d4 f5 2. e4 fxe4 3. Nc3 Nf6 4. Bg5 c6 5. Bxf6 exf6 6. Nxe4 d5 7. Ng3 Bd6 8.
Bd3 g6 9. N1e2 Be6 10. Qd2 Qc7 11. h4 Nd7 12. Qe3 Nf8 13. h5 Kd7 14. Qh6 Rg8
15. hxg6 hxg6 16. O-O-O Re8 17. Kb1 Kc8 18. Qd2 Nh7 19. Rh6 f5 20. Rdh1 Re7 21.
c3 Reg7 22. Nh5 Rf7 23. Nhf4 Nf8 24. g3 Bd7 25. Rh8 Rfg7 26. c4 g5 27. Ng2 dxc4
28. Bxc4 Be6 29. Bxe6+ Nxe6 30. Ne3 Qf7 31. Qa5 b5 32. Qa6+ Kd7 33. d5 Nd8 34.
dxc6+ 1-0

[Event "SVM_Regionalliga_2024-25"]
[Site "?"]
[Date "2024.09.22"]
[Round "2.4"]
[Board "6"]
[White "Schmitz,Manuela"]
[Black "Schild,Willi"]
[WhiteTeam "SV Springer Hitdorf 1"]
[BlackTeam "SG Siebengebirge 1"]
[WhiteElo "1815"]
[BlackElo "2057"]
[WhiteDWZ "1820"]
[BlackDWZ "1805"]
[Result "1/2-1/2"]
[PlyCount "78"]
[EventDate "2024.09.22"]
[SourceDate "2024.09.22"]
 
1. d4 d5 2. Nf3 Nf6 3. c4 c6 4. Nc3 dxc4 5. a4 Na6 6. e4 Bg4 7. Bxc4 e6 8. Be3
Bb4 9. Qc2 Qa5 10. Nd2 Be7 11. f3 Bh5 12. Nb3 Nb4 13. Qf2 Qc7 14. O-O Bg6 15.
Rac1 a5 16. Be2 O-O 17. Nd2 Rfc8 18. Nc4 Nd7 19. Rfd1 Qd8 20. Kh1 f6 21. f4 Bf7
22. Rd2 Qe8 23. Rcd1 Bf8 24. Na3 f5 25. e5 Bh5 26. Nc4 Bxe2 27. Qxe2 Nd5 28.
Rc2 N7b6 29. Rcc1 Qd7 30. Nxb6 Nxb6 31. Kg1 Be7 32. g3 Rd8 33. Bf2 Bb4 34. b3
Bxc3 35. Rxc3 Nd5 36. Rc5 b6 37. Rcc1 Qb7 38. Qc4 Rac8 39. Qe2 Rd7 {(=)}
1/2-1/2

[Event "SVM_Regionalliga_2024-25"]
[Site "?"]
[Date "2024.09.22"]
[Round "2.4"]
[Board "7"]
[White "Anderton,Philip"]
[Black "Kocur,Beata"]
[WhiteTeam "SG Siebengebirge 1"]
[BlackTeam "SV Springer Hitdorf 1"]
[WhiteElo "1957"]
[BlackElo "1914"]
[WhiteDWZ "1856"]
[BlackDWZ "1781"]
[Result "1-0"]
[PlyCount "67"]
[EventDate "2024.09.22"]
[SourceDate "2024.09.22"]
 
1. Nf3 Nf6 2. c4 g6 3. Nc3 Bg7 4. d4 O-O 5. g3 d6 6. Bg2 Nbd7 7. O-O e5 8. e4
Re8 9. d5 a5 10. b3 Nc5 11. Qe2 Bg4 12. h3 Bd7 13. Bg5 h6 14. Bd2 Kh7 15. Rab1
Ng8 16. a3 f5 17. b4 axb4 18. axb4 Nxe4 19. Nxe4 fxe4 20. Nh2 Nf6 21. Ng4 Ra2
22. Ra1 Qa8 23. Rxa2 Qxa2 24. Nxf6+ Bxf6 25. Bxe4 Rg8 26. Bb1 Qb3 27. h4 Bg7
28. h5 Bf5 29. hxg6+ Bxg6 30. Bxg6+ Kxg6 31. Qe4+ Kf7 32. Qf5+ Ke7 33. Qe6+ Kf8
34. Ra1 1-0

[Event "SVM_Regionalliga_2024-25"]
[Site "?"]
[Date "2024.09.22"]
[Round "2.5"]
[Board "1"]
[White "Brinkmann,Sven"]
[Black "Henrotte,Nils"]
[WhiteTeam "SK Turm Euskirchen 1"]
[BlackTeam "Eschweiler SC 1"]
[WhiteElo "2054"]
[BlackElo "1987"]
[WhiteDWZ "2014"]
[BlackDWZ "1986"]
[Result "1/2-1/2"]
[PlyCount "54"]
[EventDate "2024.09.22"]
[SourceDate "2024.09.22"]
 
1. e4 e6 2. d3 d5 3. Nd2 c5 4. g3 g6 5. Bg2 Bg7 6. Ngf3 Ne7 7. O-O Nbc6 8. Re1
O-O 9. Nf1 a5 10. h4 h6 11. a4 b6 12. Ne3 Ra7 13. Ng4 Kh7 14. c3 Rd7 15. Qc2
dxe4 16. dxe4 Qc7 17. Bf4 e5 18. Bc1 Rd6 19. Ne3 Ba6 20. Bf1 Bxf1 21. Rxf1 f5
22. exf5 Nxf5 23. Ne1 Qf7 24. N1g2 Nce7 25. Bd2 Nxe3 26. Bxe3 Qf3 27. Rad1 Rfd8
{(=)} 1/2-1/2

[Event "SVM_Regionalliga_2024-25"]
[Site "?"]
[Date "2024.09.22"]
[Round "2.5"]
[Board "2"]
[White "Kliffken,Julian"]
[Black "Neubauer,Jürgen"]
[WhiteTeam "Eschweiler SC 1"]
[BlackTeam "SK Turm Euskirchen 1"]
[WhiteElo "1767"]
[BlackElo "2004"]
[WhiteDWZ "1975"]
[BlackDWZ "1994"]
[Result "1-0"]
[PlyCount "93"]
[EventDate "2024.09.22"]
[SourceDate "2024.09.22"]
 
1. d4 c5 2. d5 e5 3. c4 d6 4. e4 f5 5. exf5 Bxf5 6. Nc3 Nf6 7. Nge2 Be7 8. Ng3
Bg6 9. Bd3 Bxd3 10. Qxd3 O-O 11. O-O Na6 12. a3 Qd7 13. Bd2 Rae8 14. Rae1 Bd8
15. Nb5 b6 16. Qf5 Qe7 17. Qc8 Nc7 18. Nf5 Qf7 19. Nfxd6 Qe7 20. Nxe8 Nfxe8 21.
Nxc7 Nxc7 22. Bc3 e4 23. Qg4 b5 24. d6 Qf7 25. dxc7 Bxc7 26. Rxe4 Kh8 27. Qxg7+
Qxg7 28. Bxg7+ Kxg7 29. Re7+ Rf7 30. Rxf7+ Kxf7 31. cxb5 Be5 32. Rc1 Bd4 33. b4
cxb4 34. axb4 Ke6 35. Rc7 h5 36. Rh7 Bc3 37. Rxa7 Bxb4 38. Rc7 Ba5 39. b6 Kd6
40. Ra7 Bxb6 41. Ra6 Kc7 42. Rxb6 Kxb6 43. h3 Kc5 44. g4 h4 45. Kg2 Kd4 46. f4
Ke4 47. g5 1-0

[Event "SVM_Regionalliga_2024-25"]
[Site "?"]
[Date "2024.09.22"]
[Round "2.5"]
[Board "4"]
[White "Weisshaupt,Rainer"]
[Black "Hack,Thomas"]
[WhiteTeam "Eschweiler SC 1"]
[BlackTeam "SK Turm Euskirchen 1"]
[WhiteElo "2059"]
[BlackElo "2014"]
[WhiteDWZ "1921"]
[BlackDWZ "1907"]
[Result "1-0"]
[PlyCount "37"]
[EventDate "2024.09.22"]
[SourceDate "2024.09.22"]
 
1. e4 c5 2. Nf3 d6 3. Na3 Nf6 4. Bb5+ Nc6 5. d3 g6 6. O-O Bg7 7. e5 Ng4 8. exd6
Qxd6 9. Nc4 Qd5 10. Ne3 Nxe3 11. fxe3 Bd7 12. e4 Qh5 13. c3 O-O 14. Bf4 a6 15.
Ba4 b5 16. Bc2 Rac8 17. Qe1 Ne5 18. Nxe5 Bxe5 19. Bd1 1-0

[Event "SVM_Regionalliga_2024-25"]
[Site "?"]
[Date "2024.09.22"]
[Round "2.5"]
[Board "6"]
[White "Bieberle,Gerhart"]
[Black "Blumenthal,Ralf"]
[WhiteTeam "Eschweiler SC 1"]
[BlackTeam "SK Turm Euskirchen 1"]
[WhiteElo "1936"]
[BlackElo "1912"]
[WhiteDWZ "1728"]
[BlackDWZ "1774"]
[Result "0-1"]
[PlyCount "124"]
[EventDate "2024.09.22"]
[SourceDate "2024.09.22"]
 
1. Nf3 c5 2. c4 Nc6 3. Nc3 Nf6 4. g3 g6 5. Bg2 Bg7 6. O-O O-O 7. d3 d5 8. cxd5
Nxd5 9. Bd2 Nb6 10. Rb1 a6 11. Be3 Nd4 12. Re1 e5 13. Qc1 Re8 14. Ne4 Nd5 15.
Nxc5 Nxe3 16. Qxe3 Nc2 17. Qc1 Nxe1 18. Nxe1 Rb8 19. a3 Qe7 20. Ne4 Bf5 21. Qc4
Rec8 22. Qb3 Be6 23. Qd1 Bd5 24. Nc3 Bxg2 25. Nxg2 Qc5 26. Ne3 b5 27. Ncd5 Rb7
28. b4 Qd4 29. Rc1 Rd8 30. Qb3 e4 31. dxe4 Qxe4 32. Rd1 Rbd7 33. Rd3 h5 34. Qd1
Qe6 35. Kg2 Kf8 36. Qd2 Bh6 37. Qc3 Bg7 38. Qd2 Qe5 39. Qd1 Qe4+ 40. Kg1 Qe5
41. Kg2 Rd6 42. Qd2 Rc6 43. Nf4 Qe4+ 44. f3 Rxd3 45. Nxd3 Qd4 46. Nd1 Rd6 47.
N1f2 Qa1 48. Qc2 Rd8 49. Qc7 Re8 50. Qd6+ Kg8 51. Qxa6 Rxe2 52. Qxb5 Qxa3 53.
Qb8+ Kh7 54. Qd6 Qb3 55. Qd7 Qc4 56. b5 Bd4 57. g4 Qxd3 58. Qxf7+ Bg7 59. gxh5
g5 60. b6 Qe3 61. Qf5+ Kg8 62. Qd5+ Kh8 0-1

[Event "SVM_Regionalliga_2024-25"]
[Site "?"]
[Date "2024.09.22"]
[Round "2.6"]
[Board "2"]
[White "Finke,Kai"]
[Black "Wagenknecht,Uwe"]
[WhiteTeam "SG Porz 3"]
[BlackTeam "SG Porz 4"]
[WhiteElo "2111"]
[BlackElo "2118"]
[WhiteDWZ "2131"]
[BlackDWZ "2086"]
[Result "0-1"]
[PlyCount "120"]
[EventDate "2024.09.22"]
[SourceDate "2024.09.22"]
 
1. d4 Nf6 2. c4 b6 3. f3 Nc6 4. d5 Ne5 5. b3 e6 6. Bb2 Bb4+ 7. Nd2 d6 8. a3 Bc5 9. e4 a5 10. Qc2 c6 11. dxe6 fxe6 12. Ne2 O-O 13. O-O-O Qe7 14. Kb1 b5 15. cxb5 cxb5 16. Nd4 Bxd4 17. Bxd4 Ba6 18. Qb2 Nc6 19. Bf2 Ng4 20. Bg3 Ne3 21. Rc1 Rfc8 22. Bf4 Nxf1 23. Nxf1 b4 24. a4 e5 25. Be3 Bd3+ 26. Ka2 Nd4 27. Bxd4 exd4 28. Ng3 Rc3 29. Nf5 Qe5 30. Qd2 Rac8 31. Rxc3 Rxc3 32. Rc1 g6 33. Rxc3 bxc3 34. Qg5 Kf7 35. Nh6+ Ke8 36. Qg4 Ba6 37. Ng8 Kf8 38. Nh6 Qxh2 39. Qg5 Ke8 40. Ng8 Qe5 41. Qh4 c2 42. f4 Qe6 43. Nf6+ Kf7 44. Nxh7 c1=N+ 45. Ka1 Ke8 46. Nf6+ Kf7 47. Nh7 Kg7 48. Ng5 Nxb3+ 49. Kb2 Qg8 50. e5 Nc5 51. Ka1 dxe5 52. fxe5 Qh8 53. Nh7 Qe8 54. Kb1 Qb8+ 55. Ka1 Qxe5 56. Ng5 d3+ 57. Kb1 Qb8+ 58. Ka1 Qb4 59. Qh7+ Kf6 60. Qh8+ Kf5 0-1